| 000 | 00859nas a2200265 4500 | ||
|---|---|---|---|
| 001 | BR0204083 | ||
| 003 | BR-BrBNA | ||
| 005 | 20231205103159.0 | ||
| 007 | ta | ||
| 008 | 230509b bl.|||p| |||| 00| 00por d | ||
| 040 |
_aBR-BrBNA _bpor _cBiblioteca Nacional de Agricultura |
||
| 041 | _a(Pt) | ||
| 072 | _aP33 | ||
| 100 | 1 | _aBertolani, F.C. | |
| 100 | 1 | _aVieira, S.R. | |
| 245 | 1 | _aVariabilidade espacial da taxa de infiltração de água e da espessura do horizonte A, em um argissolo vermelho-amarelo, sob diferentes usos | |
| 650 | _aSOLO | ||
| 650 | _aINFILTRAÇÃO | ||
| 650 | _aHORIZONTE | ||
| 650 | _aESPESSURA | ||
| 650 | _aEROSÃO DO SOLO | ||
| 773 | 0 |
_tRevista Brasileira de Ciência do Solo (Brazil) _xISSN 0100-0683 _g(Oct-Dec 2001), v. 25(4) p. 987-995 _wBR0204083 |
|
| 909 |
_a202311 _bLúcia _c55 _dLúcia Elande |
||
| 942 |
_2AGRIS _n0 _cANA |
||
| 999 |
_c171520 _d171520 |
||